000 00447nam a2200181Ia 4500
008 240925s9999 xx 000 0 und d
020 _aNA
082 _a297.87 MAN
100 _aManeh , Al Johani
245 0 _aIslam and World Peace
250 _aNA
260 _aRiyadh:
_bWorld Assembly of Muslim Youth
_c,1999.
300 _a0
_bNA
_fOriginal
500 _aNA
600 _aHumanities & Natural Science
650 _aReligion
942 _cBK
999 _c6827
_d6827